000 00620nam a2200193Ia 4500
005 20251020182609.0
008 200515s9999 xx 000 0 und d
082 _aSC/621.791.1/E24
110 _aEdiciones Cae
245 0 _aPrácticas de taller mecánico 1 : soldadura, ajustes, planchisteria, forja
260 _aBarcelona
260 _c1972
300 _as.n.
520 _aMétodo de enseñanza, que reduce al mínimo la parte literaria, supliéndola con ventaja mediante una abundante y clara ilustración
650 _aHERRAMIENTAS
650 _aMAQUINARIAS Y EQUIPOS
650 _aMECANICA
942 _cLIB
999 _c3290
_d3290